Los motivos del voto (Record no. 146977)

MARC details
000 -LEADER
campo de control de longitud fija 00850nam a2200241 i 4500
001 - NÚMERO DE CONTROL
campo de control 146977
003 - IDENTIFICADOR DE NÚMERO DE CONTROL
campo de control ES-MaACL
005 - FECHA Y HORA DE LA ÚLTIMA TRANSACCIÓN
campo de control 20230906201744.0
007 - CAMPO FIJO DE DESCRIPCIÓN FÍSICA--INFORMACIÓN GENERAL
campo de control de longitud fija t|
008 - DATOS DE LONGITUD FIJA--INFORMACIÓN GENERAL
campo de control de longitud fija 070920s1979 sp |||| | spa d
080 ## - NÚMERO DE LA CLASIFICACIÓN DECIMAL UNIVERSAL
Número de la Clasificación Decimal Universal 33(04)
080 ## - NÚMERO DE LA CLASIFICACIÓN DECIMAL UNIVERSAL
Número de la Clasificación Decimal Universal 35(04)
100 1# - ENTRADA PRINCIPAL--NOMBRE DE PERSONA
Nombre de persona Tullock, Gordon.
9 (RLIN) 111670
245 14 - MENCIÓN DEL TÍTULO
Título Los motivos del voto
Resto del título : (un ensayo de economía política) /
Mención de responsabilidad, etc. Gordon Tullock ; con un comentario de Morris Perlman... ; prólogo... de José Antonio Aguirre ; [traducción por María Jesús Blanco].
260 ## - PUBLICACIÓN, DISTRIBUCIÓN, ETC.
Lugar de publicación, distribución, etc. Madrid :
Nombre del editor, distribuidor, etc. Espasa-Calpe,
Fecha de publicación, distribución, etc. 1979.
300 ## - DESCRIPCIÓN FÍSICA
Extensión 128 p. ;
Dimensiones 17 cm.
650 14 - PUNTO DE ACCESO ADICIONAL DE MATERIA--TÉRMINO DE MATERIA
Término de materia o nombre geográfico como elemento de entrada Política económica.
9 (RLIN) 16293
650 14 - PUNTO DE ACCESO ADICIONAL DE MATERIA--TÉRMINO DE MATERIA
Término de materia o nombre geográfico como elemento de entrada Sociología electoral.
9 (RLIN) 168382
700 1# - ENTRADA AGREGADA--NOMBRE PERSONAL
Nombre de persona Perlman, Morris.
9 (RLIN) 91290
700 1# - ENTRADA AGREGADA--NOMBRE PERSONAL
Nombre de persona Aguirre Rodríguez, José Antonio.
9 (RLIN) 18888
700 1# - ENTRADA AGREGADA--NOMBRE PERSONAL
Nombre de persona Blanco, María Jesús.
9 (RLIN) 29197
852 ## - LOCALIZACIÓN
Ubicación ES-MaACL
Número de control de estantería L-3039
Holdings
Estatus retirado Estado de pérdida Estado de daño No para préstamo Biblioteca de origen Biblioteca actual Ubicación en estantería Fecha de adquisición Fuente de adquisición Total de préstamos Signatura topográfica completa Código de barras Visto por última vez Precio de reemplazo Tipo de ítem Koha
        Biblioteca del Ateneo de Madrid Biblioteca del Ateneo de Madrid Depósito 2 17/01/2008     L-3039 1153390 23/02/2023 23/02/2023 Libro impreso